<?xml version="1.0" encoding="UTF-8"?><?xml-stylesheet type="text/xsl" href="static/style.xsl"?><OAI-PMH xmlns="http://www.openarchives.org/OAI/2.0/" xmlns:xsi="http://www.w3.org/2001/XMLSchema-instance" xsi:schemaLocation="http://www.openarchives.org/OAI/2.0/ http://www.openarchives.org/OAI/2.0/OAI-PMH.xsd"><responseDate>2026-04-14T03:32:35Z</responseDate><request verb="GetRecord" identifier="oai:www.recercat.cat:20.500.12327/3275" metadataPrefix="marc">https://recercat.cat/oai/request</request><GetRecord><record><header><identifier>oai:recercat.cat:20.500.12327/3275</identifier><datestamp>2025-10-22T11:34:34Z</datestamp><setSpec>com_2072_4428</setSpec><setSpec>com_2072_4427</setSpec><setSpec>col_2072_487898</setSpec></header><metadata><record xmlns="http://www.loc.gov/MARC21/slim" xmlns:dcterms="http://purl.org/dc/terms/" xmlns:xsi="http://www.w3.org/2001/XMLSchema-instance" xmlns:doc="http://www.lyncode.com/xoai" xsi:schemaLocation="http://www.loc.gov/MARC21/slim http://www.loc.gov/standards/marcxml/schema/MARC21slim.xsd">
   <leader>00925njm 22002777a 4500</leader>
   <datafield ind2=" " ind1=" " tag="042">
      <subfield code="a">dc</subfield>
   </datafield>
   <datafield ind2=" " ind1=" " tag="720">
      <subfield code="a">Torres-Cobos, B.</subfield>
      <subfield code="e">author</subfield>
   </datafield>
   <datafield ind2=" " ind1=" " tag="720">
      <subfield code="a">Nicotra, S.B.</subfield>
      <subfield code="e">author</subfield>
   </datafield>
   <datafield ind2=" " ind1=" " tag="720">
      <subfield code="a">Rovira, Merce</subfield>
      <subfield code="e">author</subfield>
   </datafield>
   <datafield ind2=" " ind1=" " tag="720">
      <subfield code="a">Romero, Agusti</subfield>
      <subfield code="e">author</subfield>
   </datafield>
   <datafield ind2=" " ind1=" " tag="720">
      <subfield code="a">Guardiola, F.</subfield>
      <subfield code="e">author</subfield>
   </datafield>
   <datafield ind2=" " ind1=" " tag="720">
      <subfield code="a">Tres, A.</subfield>
      <subfield code="e">author</subfield>
   </datafield>
   <datafield ind2=" " ind1=" " tag="720">
      <subfield code="a">Vichi, S.</subfield>
      <subfield code="e">author</subfield>
   </datafield>
   <datafield ind2=" " ind1=" " tag="260">
      <subfield code="c">2024-09-10</subfield>
   </datafield>
   <datafield ind2=" " ind1=" " tag="520">
      <subfield code="a">Hazelnuts are high-quality products with significant economic importance in many European countries. Their&#xd;
market price depends on their qualitative characteristics, which are driven by cultivar and geographical origin,&#xd;
making hazelnuts susceptible to fraud. This study systematically compared two lipidomic fingerprinting strategies for the simultaneous authentication of hazelnut cultivar and provenance, based on the analysis of the&#xd;
unsaponifiable fraction (UF) and triacylglycerol (TAG) profiles by gas chromatography–mass spectrometry&#xd;
coupled with chemometrics. PLS-DA classification models were developed using a large sample set with high&#xd;
natural variability (n = 309) to discriminate hazelnuts by cultivar and origin. External validation results&#xd;
demonstrated the suitability of the UF fingerprint as a hazelnut authentication tool, both tested models showing a&#xd;
high efficiency (>94 %). The correct classification rate of the TAG fingerprinting method was lower (>80 %), but&#xd;
due to its faster analysis time, it is recommended as a complementary screening tool to UF fingerprinting.</subfield>
   </datafield>
   <datafield ind1="8" ind2=" " tag="024">
      <subfield code="a">Torres-Cobos, B., S.B. Nicotra, M. Rovira, A. Romero, F. Guardiola, A. Tres, and S. Vichi. 2024. “Meeting the Challenge of Varietal and Geographical Authentication of Hazelnuts Through Lipid Metabolite Fingerprinting.” Food Chemistry, 463 (3): 141203. doi: 10.1016/j.foodchem.2024.141203</subfield>
   </datafield>
   <datafield ind1="8" ind2=" " tag="024">
      <subfield code="a">0308-8146</subfield>
   </datafield>
   <datafield ind1="8" ind2=" " tag="024">
      <subfield code="a">http://hdl.handle.net/20.500.12327/3275</subfield>
   </datafield>
   <datafield ind1="8" ind2=" " tag="024">
      <subfield code="a">https://doi.org/10.1016/j.foodchem.2024.141203</subfield>
   </datafield>
   <datafield ind2="0" ind1="0" tag="245">
      <subfield code="a">Meeting the challenge of varietal and geographical authentication of hazelnuts through lipid metabolite fingerprinting</subfield>
   </datafield>
</record></metadata></record></GetRecord></OAI-PMH>